书目信息 |
| 题名: |
随机过程
|
|
| 作者: | 孙清华 , 孙昊 编著 | |
| 分册: | ||
| 出版信息: | 武汉 华中科技大学出版社 2004 |
|
| 页数: | 397页 | |
| 开本: | 21cm | |
| 丛书名: | 大学数学的内容、方法与技巧丛书 | |
| 单 册: | ||
| 中图分类: | O211.6 | |
| 科图分类: | ||
| 主题词: | 随机过程--高等学校--教学参考资料 , 随机过程 | |
| 电子资源: | ||
| ISBN: | 7-5609-3117-0 | |
| 000 | 01020oam2 2200265 45 | |
| 001 | 020000017166 | |
| 005 | 20050919112841.98 | |
| 010 | @a7-5609-3117-0@dCNY15.80 | |
| 100 | @a20040821d2004 ekmy0chiy0120 ea | |
| 101 | 0 | @achi |
| 102 | @aCN@b420000 | |
| 105 | @ay z 000yy | |
| 200 | 1 | @a随机过程@9sui ji guo cheng@e内容、方法与技巧@f孙清华,孙昊编著@Fsun qing hua,sun hao bian zhu |
| 210 | @a武汉@c华中科技大学出版社@d2004 | |
| 215 | @a397页@d21cm | |
| 225 | 2 | @a大学数学的内容、方法与技巧丛书 |
| 330 | @a本书着重讨论了随机过程的基本理论和分析、解题方法,全书的内容依次为随机过程的基本概念、泊松随机过程、马尔可夫链、连续时间的马尔可夫链、随机分析与随机微分方程、平稳过程、平稳过程的谱分析、正态随机过程和时间序列分析简介。 | |
| 461 | 0 | @12001 @a大学数学的内容、方法与技巧丛书 |
| 606 | 0 | @a随机过程@x高等学校@j教学参考资料 |
| 606 | 0 | @a随机过程 |
| 690 | @aO211.6@v4 | |
| 701 | 0 | @a孙清华@Asun qing hua@4编著 |
| 701 | 0 | @a孙昊@Asun hao@4编著 |
| 801 | 0 | @aCN@bTSSF@c20050919 |
| 905 | @a10447@dO211.6@e154 | |
| 随机过程:内容、方法与技巧/孙清华,孙昊编著.-武汉:华中科技大学出版社,2004 |
| 397页;21cm.-(大学数学的内容、方法与技巧丛书) |
| ISBN 7-5609-3117-0:CNY15.80 |
| 本书着重讨论了随机过程的基本理论和分析、解题方法,全书的内容依次为随机过程的基本概念、泊松随机过程、马尔可夫链、连续时间的马尔可夫链、随机分析与随机微分方程、平稳过程、平稳过程的谱分析、正态随机过程和时间序列分析简介。 |
| ● |
| 相关链接 |
|
|
|
|
正题名:随机过程
索取号:O211.6/154
 
预约/预借
| 序号 | 登录号 | 条形码 | 馆藏地/架位号 | 状态 | 备注 |
| 1 | 0361817 | 3618179 | 第二样本阅览室/ [索取号:O211.6/154] | 在馆 | |
| 2 | 0361818 | 3618188 | 第三借阅区/ [索取号:O211.6/154] | 在馆 | |
| 3 | 0361819 | 3618197 | 第三借阅区/ [索取号:O211.6/154] | 在馆 | |
| 4 | 0361820 | 3618204 | 第三借阅区/ [索取号:O211.6/154] | 在馆 | |
| 5 | 0361821 | 3618213 | 第三借阅区/ [索取号:O211.6/154] | 在馆 | |
| 6 | 0361822 | 3618222 | 第三借阅区/ [索取号:O211.6/154] | 在馆 | |
| 7 | 0361823 | 3618231 | 第三借阅区/ [索取号:O211.6/154] | 在馆 | |
| 8 | 0361824 | 3618240 | 第三借阅区/ [索取号:O211.6/154] | 在馆 | |
| 9 | 0361825 | 3618259 | 第三借阅区/ [索取号:O211.6/154] | 在馆 | |
| 10 | 0361826 | 3618268 | 第三借阅区/ [索取号:O211.6/154] | 在馆 |